000 00489nmm a2200157Ia 4500
008 251105s9999||||xx |||||||||||||||||und||
020 _a9789561413627
041 _aspa
100 _aAstaburuaga Ossa, Pbro. Francisco Javier
245 0 _aVotar en conciencia : los católicos y la política
264 _a[Santiago de Chile, Chile] :
_bEdiciones UC,
_c2015
300 _a140 páginas
650 _aReligion(s)
856 _uhttps://public.digitaliapublishing.com/a/38284
942 _cCF
999 _c94154
_d94154